| 000 | 00695nam a2200229Ia 4500 | ||
|---|---|---|---|
| 001 | 2922 | ||
| 003 | GE_BSU | ||
| 008 | 181216s||||||||xx |||||||||||||| ||und|| | ||
| 040 | _cGE_BSU | ||
| 080 | _a628.2(075.8) | ||
| 100 | _aЯковлев,С.В. Карелен,Я.А. Жуков,А.И. Колобанов,С.К. | ||
| 245 | _aКанализация. | ||
| 245 | _bУчебник для вузов. | ||
| 245 | _cРед.:Г.А.Лебедева, Р.А.Черкинская. | ||
| 250 | _aИзд 5-ое,перераб.и доп. | ||
| 260 | _aМ. | ||
| 260 | _bСтройиздат. | ||
| 260 | _c1975. | ||
| 300 | _a632стр.26см. | ||
| 653 | _aКанализация. | ||
| 942 | _cBK | ||
| 999 |
_c36970 _d36970 |
||